El turismo de masas: evolución y perspectivas (Registro nro. 2799)
[ vista simple ]
| 000 -CABECERA | |
|---|---|
| campo de control de longitud fija | 00901aam a2200289 4500 |
| 005 - FECHA Y HORA DE ACTUALIZACIÓN | |
| campo de control | 20161115144020.0 |
| 008 - LONGITUD FIJA | |
| campo de control de longitud fija | 150611b xxu||||| |||| 00| 0 spa d |
| 041 ## - IDIOMA | |
| Código de idioma del texto/pista de sonido o título separado | |
| 082 ## - CLASIFICACIÓN DECIMAL DEWEY | |
| Número de clasificación | 1.0.56 H557t |
| 100 ## - AUTOR PERSONAL | |
| Nombre de persona | Hernández Luis, Jose Angel |
| 245 ## - TÍTULO PROPIAMENTE DICHO | |
| Título | El turismo de masas: evolución y perspectivas |
| 260 ## - PIE DE IMPRENTA | |
| Lugar de publicación, distribución, etc. | España |
| Nombre del editor, distribuidor, etc. | Sintesis |
| Fecha de publicación, distribución, etc. | 2008 |
| 300 ## - DESCRIPCIÓN FÍSICA | |
| Extensión | 260 páginas |
| 650 ## - Materia General | |
| Materia general | TURISMO |
| 650 ## - Materia General | |
| Materia general | TURISMO DE MASAS |
| 650 ## - Materia General | |
| Materia general | FLUJOS TURISTICOS |
| 650 ## - Materia General | |
| Materia general | CRECIMIENTO TURISTICO |
| 650 ## - Materia General | |
| Materia general | TRANSPORTES |
| 650 ## - Materia General | |
| Materia general | TELECOMUNICACIONES |
| 650 ## - Materia General | |
| Materia general | TRANSFORMACIONES SOCIECONÓMICAS |
| 650 ## - Materia General | |
| Materia general | CAMBIO DEMOGRÁFICO |
| 650 ## - Materia General | |
| Materia general | TRANSFORMACIONES ECONÓMICAS |
| 650 ## - Materia General | |
| Materia general | DESASTRES NATURALES |
| 650 ## - Materia General | |
| Materia general | DESARROLLO TURÍSTICO |
| 650 ## - Materia General | |
| Materia general | TURISMO SOSTENIBLE |
| 942 ## - Punto de Acceso Adicional Koha | |
| Tipo de ítem Koha | Libro |
| Estado perdido | Estado dañado | No para préstamo | Biblioteca permanente | Biblioteca actual | Signatura completa | Código de barras | Tipo de ítem |
|---|---|---|---|---|---|---|---|
| Departamento de Biblioteca y Documentación Alfonso Chase Brenes | Departamento de Biblioteca y Documentación Alfonso Chase Brenes | 1.0.56 H557t | 16053 | Libro |